Music Quiz

Random Music or Song Quiz

Sludge/Stoner Metal Song to Band Quiz Stats

 Plays Quiz not verified by Sporcle

Challenge
Share
Tweet
Embed
Score 0/20 Timer 06:00
0 Plays Today
Song band % Correct
DragonautSleep
91.3%
DopesmokerSleep
91.3%
Thong SongKyuss
76.3%
Molten UniverseKyuss
76.3%
Green ThumbBongzilla
65.6%
AmerijuanicanBongzilla
65.6%
March Of the Fire AntsMastodon
61.3%
Devils BrideElectric Wizard
55.6%
Frost HammerHigh on Fire
47.5%
A History of Bad MenThe Melvins
43.8%
Song band % Correct
ScorpionicaOrange Goblin
31.9%
Gebel BarkalOm
26.3%
What Color is DeathAcid Bath
23.1%
Skull Full of Bong HitsCannabis Corpse
20%
LostNeurosis
20%
Call The ManPentagram
14.4%
A Plague of AnglesEarth
13.8%
OrakulumSunn O)))
10.6%
ValorAlabama Thunderpussy
3.8%
HelplessBlack Label Society
2.5%

You're not logged in!

Compare scores with friends on all Sporcle quizzes.
OR
Log In

You Might Also Like...

Show Comments

Extras

Created Jun 3, 2011ReportNominate
Tags:Bands Quiz, Song Quiz, metal, stoner

Top Quizzes Today


Score Distribution

Your Account Isn't Verified!

In order to create a playlist on Sporcle, you need to verify the email address you used during registration. Go to your Sporcle Settings to finish the process.

Report this User

Report this user for behavior that violates our Community Guidelines.

Details: